000 00714nam a2200301Ia 4500
005 20260401122312.0
008 008 250103s9999 xx 000 0 eng d
020 _a8170172780
037 _aTB
040 _aEDL
040 _beng
040 _cEDL
041 _2eng
041 _aeng
084 _a792.0954 VAR
084 _qEDL
100 _aVaradpande, M.L.
_91233180
245 0 _aHistory of Indian Theatre: Loka Ranga-Panorama of Indian Folk Theatre
245 0 _cVaradpande, M.L.
260 _aNew Delhi
260 _bAbhinav Publications
260 _c1992
300 _a338p
942 _cTB
942 _h792.0954 VAR
999 _c1846348
_d1846348